000 01339cam a2200349 a 4500
001 14266886
003 PILC
005 20150917092542.0
008 060215s2006 nyub 000 1 eng
010 _a 2006040461
020 _a9780765312884
020 _a0765312883
040 _aDLC
_cDLC
_dDLC
050 0 0 _aPS 3562.I51248
_b.El46 2006
082 0 0 _a813/.54
100 1 _aElliott, Louise.
245 1 0 _aWolf hunting /
_cLouise Elliott.
250 _a1st edition.
260 _aNew York :
_bMargaret Hamilton Books,
_c2006.
300 _a223 pages ;
_c20 cm.
650 0 _aWild women
_vFiction.
650 0 _aHuman-animal relationships
_vFiction.
650 0 _aHuman-animal communication
_vFiction.
650 0 _aWolves
_vFiction.
655 7 _aFantasy fiction.
_2gsafd
856 4 2 _3Contributor biographical information
_uhttp://www.loc.gov/catdir/enhancements/fy0629/2006040461-b.html
856 4 2 _3Publisher description
_uhttp://www.loc.gov/catdir/enhancements/fy0629/2006040461-d.html
856 4 1 _3Sample text
_uhttp://www.loc.gov/catdir/enhancements/fy0643/2006040461-s.html
906 _a7
_bcbc
_corignew
_d1
_eocip
_f20
_gy-gencatlg
942 _2lcc
_cBK
_kFOR
999 _c288684
_d288684